000 00750nas a2200253 4500
001 BR0105130
003 BR-BrBNA
005 20231205102529.0
007 ta
008 230509b bl.|||p| |||| 00| 00por d
040 _aBR-BrBNA
_bpor
_cBiblioteca Nacional de Agricultura
041 _a(Pt)
072 _aH60
100 1 _aFonseca, H.s.
100 1 _aJaehn, A.
100 1 _aSilva, M. de F.A.
245 1 _aAssociacao de Ditylenchus dipsaci com plantas dainhas colhidas apos a cultura do alho
650 _aAlho
650 _aNematoide
650 _aSao Paulo
773 0 _tNematologia Brasileira (Brazil)
_xISSN 0102-2997
_g(Dec 1999), v. 23(2) p. 100-107
_wBR0105130
909 _a202311
_bLúcia
_c55
_dLúcia Elande
942 _2AGRIS
_n0
_cANA
999 _c168035
_d168035